=LDR 00000nam 2200000 4500 =001 INLIS000000000003122 =005 20130612091431 =008 ***********************************Ind** =035 ##$$0010-061300000003122 =041 ##$$a Ind =082 ##$$a 620.112 1 =090 ##$$a 620.112 1, Sri k =100 ##$$a Sri Widharto =245 ##$$a Karat dan pencegahannya, Sri Widharto =260 ##$$a 1999 $b Jakarta =300 ##$$a ix, 180 hlm., ilus., 24 cm =650 ##$$a Karat dan anti karat =850 ##$$a NBPNMAT